000 00213nam a22001097a 4500
041 _aeng
080 _a80
100 _aCousin, Pierre-Henri
245 _aFrench dictionary.
650 _aReference
999 _c279749
_d279749
942 _cBK